Welcome to CU Library Online Public Access Catalogue (OPAC)

Stock exchanges, investments and derivatives (Record no. 3490)

MARC details
000 -LEADER
fixed length control field 00475nam a22001817a 4500
005 - DATE AND TIME OF LATEST TRANSACTION
control field 20250206154159.0
008 - FIXED-LENGTH DATA ELEMENTS--GENERAL INFORMATION
fixed length control field 250206b |||||||| |||| 00| 0 eng d
020 ## - INTERNATIONAL STANDARD BOOK NUMBER
International Standard Book Number 9780070621114
050 ## - LIBRARY OF CONGRESS CALL NUMBER
Classification number HG4551
Item number RAG
100 ## - MAIN ENTRY--PERSONAL NAME
Personal name Raghunathan, V.
245 ## - TITLE STATEMENT
Title Stock exchanges, investments and derivatives
250 ## - EDITION STATEMENT
Edition statement 3rd
260 ## - PUBLICATION, DISTRIBUTION, ETC.
Place of publication, distribution, etc. New Delhi
Name of publisher, distributor, etc. McGraw-Hill
Date of publication, distribution, etc. c2007
300 ## - PHYSICAL DESCRIPTION
Extent vii, 440p;
Other physical details ill.;
500 ## - GENERAL NOTE
General note Includes index
700 ## - ADDED ENTRY--PERSONAL NAME
Personal name Rajib, Prabina
942 ## - ADDED ENTRY ELEMENTS (KOHA)
Source of classification or shelving scheme Library of Congress Classification
Koha item type Books
Suppress in OPAC No
999 ## -
-- 3490
-- 3490
Holdings
Withdrawn status Lost status Source of classification or shelving scheme Damaged status Not for loan Collection Home library Current library Shelving location Date acquired Total checkouts Full call number Barcode Date last seen Copy number Price effective from Koha item type
    Library of Congress Classification     Non-fiction Business Library (Miotso) Business Library (Miotso) Reference 03/05/2025   HG4551 RAG bssm00001149 03/05/2025 1 03/05/2025 Books
    Library of Congress Classification     Non-fiction Business Library (Miotso) Business Library (Miotso) Reference 03/05/2025   HG4551 RAG bssm00001150 03/05/2025 2 03/05/2025 Books
    Library of Congress Classification     Non-fiction Business Library (Miotso) Business Library (Miotso) General stacks 04/20/2026   HG4551 RAG BSSM00003284 04/20/2026 3 04/20/2026 Books
    Library of Congress Classification     Non-fiction Undergraduate Library (Christ Temple) Undergraduate Library (Christ Temple) General stacks 02/06/2025   HG4551 RAG ULCT00001079 02/06/2025 1 02/06/2025 Books
    Library of Congress Classification     Non-fiction Undergraduate Library (Christ Temple) Undergraduate Library (Christ Temple) General stacks 02/06/2025   HG4551 RAG ULCT00001080 02/06/2025 2 02/06/2025 Books
© 2023-2024 Copyright: Central University Libraries. All Rights Reserved | Created by: Mahone Tech Office